000 00505nam a22001817a 4500
005 20240403121142.0
010 _aENG-140019
020 _a9788194405771
_c350.00
035 _aEN-123551
037 _bDBAD/PUB
082 _a881
100 _aRamanan,Mohan
_964267
245 _aMy Son's Father Confessor/
_cby Mohan Ramanan
260 _aKolkata
_bWriters Workshop
_c2019
270 _aC-532,Lake Garden
_bKolkata
_e700045
300 _a125p.
_c22(Hb)
942 _cEN
_2ddc
_h881
_mRAM
999 _c201902
_d201902